000 00626nam a22002297a 4500
003 UA-OsUOA
001 96784
007 ta
008 20130321b un ||||| |||| 00| 0 ukr d
100 _aМеса Р.
090 _a821.134.2
_bМ53
942 _cBK
040 _aUA-OsUOA
_brus
_cUA-OsUOA
_dUA-OsUOA
245 _aМой дядя чиновник
_bроман
300 _a293 с.
955 _a3
041 _arus
080 _a821.134.2
260 _aМ.
_bХудожественная литература
_c1964
650 7 _a82 Література. Літературознавство
_2UDC
999 _c383033
_d383033